000 00582nam a2200217Ia 4500
005 20250425162504.0
008 250425s9999 xx 000 0 und d
020 _a9781934804957
041 _aspa
082 _a341.481
100 _aVALENCIA GRANADA, ALBERTO
245 0 _aCUANDO EL EXITO ES DELITO: UN CASO DE VIOLACION DE DERECHOS HUMANOS EN ECUADOR: FILANBANCO
250 _a1A ED.
260 _aEstados Unidos
_bALEXANDRIA LIBRARY
_c2010
260 _aMIAMI
300 _a192
650 _aDERECHOS HUMANOS
650 _aECUADOR
942 _c01
010 _a77460
999 _c230254
_d230254